| 000 | 01035nam a22003137a 4500 | ||
|---|---|---|---|
| 003 | CHAP | ||
| 005 | 20220329135323.0 | ||
| 008 | 971013s1975 r 00010 d | ||
| 010 | _a34349 | ||
| 011 | _a35321 | ||
| 035 | _a39437 | ||
| 040 | _cCHAP | ||
| 082 |
_a335.4 _bL89Y |
||
| 100 | 0 | 0 |
_aLuxemburg, Rosa. _969217 |
| 245 |
_aReforma o revolución _b: y otros escritos contra los revisionistas |
||
| 260 |
_aBarcelona : _bFontamara, _c1975 |
||
| 300 | _a192 p. | ||
| 490 | _aDe la naturaleza de las cosas | ||
| 590 |
_aBATCH-UPD _b10 _c20130110 _lUCH01 _h1002 |
||
| 590 |
_aCONVERSION _b10 _c20130109 _lUCH01 _h1319 |
||
| 650 | 1 | 4 |
_aMarxismo. _972728 |
| 650 | 1 | 4 |
_aSocialismo. _9108040 |
| 830 | 0 |
_aDe la naturaleza de las cosas _931396 |
|
| 901 | _aBK | ||
| 942 | _cLIBRO | ||
| 949 |
_a335.4 L89Y _bBC _cLIBRO _d33724000359667 _eLIBRO _fc.2 _h64521 _i39437 _si |
||
| 949 |
_a335.4 L89Y _bBC _cLIBRO _d33724000359683 _eLIBRO _gI.c/e _h64520 _i39437 _si |
||
| 949 |
_a335.4 L89Y _bBC _cLIBRO _d33724000359725 _eLIBRO _fc.3 _gI.c/e _h64522 _i39437 _si |
||
| 999 |
_c34349 _d34349 |
||